Pompei : (Record no. 76978)

MARC details
000 -LEADER
campo de control de longitud fija 01067nam a2200265 i 4500
001 - NÚMERO DE CONTROL
campo de control 76978
003 - IDENTIFICADOR DE NÚMERO DE CONTROL
campo de control ES-MaACL
005 - FECHA Y HORA DE LA ÚLTIMA TRANSACCIÓN
campo de control 20250727121203.0
007 - CAMPO FIJO DE DESCRIPCIÓN FÍSICA--INFORMACIÓN GENERAL
campo de control de longitud fija t|
008 - DATOS DE LONGITUD FIJA--INFORMACIÓN GENERAL
campo de control de longitud fija 041006q1906 fr f ||||1| fre d
100 1# - ENTRADA PRINCIPAL--NOMBRE DE PERSONA
Nombre de persona Gusman, Pierre.
9 (RLIN) 61019
245 10 - MENCIÓN DEL TÍTULO
Título Pompei :
Resto del título la ville, les moeurs, les arts /
Mención de responsabilidad, etc. Pierre Gusman ; préface de M. Max. Collignon ; ouvragre... orné de 600 dessins dans le texte et de 32 aquarelles de l'auteur.
250 ## - MENCION DE EDICION
Mención de edición Nouvelle éd. entièrement rev. et complétée.
260 ## - PUBLICACIÓN, DISTRIBUCIÓN, ETC.
Lugar de publicación, distribución, etc. Paris :
Nombre del editor, distribuidor, etc. Emile Gaillard,
Fecha de publicación, distribución, etc. 1906.
300 ## - DESCRIPCIÓN FÍSICA
Extensión 458 p., XII lám. col. :
Otras características físicas il. ;
Dimensiones 33 cm.
504 ## - NOTA DE BIBLIOGRAFÍA, ETC.
Nota de bibliografía, etc. Bibliografía: [449]-450.
530 ## - NOTA DISPONIBLE DE FORMULARIO FÍSICO ADICIONAL
Nota de formato físico adicional disponible Disponible en formato digital.
651 #4 - PUNTO DE ACCESO ADICIONAL DE MATERIA--NOMBRE GEOGRÁFICO
Nombre geográfico Pompeya (Ciudad desaparecida)
9 (RLIN) 149648
651 #4 - PUNTO DE ACCESO ADICIONAL DE MATERIA--NOMBRE GEOGRÁFICO
Nombre geográfico Pompeya (Ciudad desaparecida)-
Subdivisión general Usos y costumbres.
9 (RLIN) 173242
700 1# - ENTRADA AGREGADA--NOMBRE PERSONAL
Nombre de persona Collignon, Maxime.
9 (RLIN) 39712
852 ## - LOCALIZACIÓN
Ubicación ES-MaACL
Número de control de estantería B-2152
Ubicación en estantería Sala Pardo Bazán
Nota libre Revisado enlace: 27 de julio de 2025
856 4# - LOCALIZACIÓN Y ACCESO ELECTRÓNICOS
Identificador Uniforme de Recursos <a href="https://archive.org/details/pompeielaregione00unse ">https://archive.org/details/pompeielaregione00unse </a>
Texto de enlace (Internet Archive)
942 ## - ELEMENTOS DE ENTRADA SECUNDARIOS (KOHA)
Fuente del sistema de clasificación o colocación Clasificación decimal universal
Holdings
Estatus retirado Estado de pérdida Estado de daño No para préstamo Colección Biblioteca de origen Biblioteca actual Ubicación en estantería Fecha de adquisición Fuente de adquisición Total de préstamos Signatura topográfica completa Código de barras Visto por última vez Precio de reemplazo Tipo de ítem Koha
        Colección digital Biblioteca del Ateneo de Madrid Biblioteca del Ateneo de Madrid Sala Pardo Bazán 17/01/2008     B-2152 1080547 23/02/2023 23/02/2023 Libro impreso